Responses for Show #7389 - Thursday, October 27, 2016

Contestants

[<< previous game]

P.J. Molski, a web developer from Brooklyn, New York

Ken Hirsh, a law library director and law professor from Milford, Ohio

George Stuart, a payroll professional from Orlando, Florida (whose 1-day cash winnings total $24,801)

[next game >>]

Jeopardy! Round responses

LETTER PERFECT
MARINE LIFE
TV GUIDES
WOMEN OF NOTE
PEACE
OF CAKE
    $200 5
M

George
    $200 7
seaweed

Ken
    $200 1
Buffy the Vampire Slayer

George
    $200 13
Health and Human Services

P.J.
    $200 20
an olive branch

Ken
    $200 17
a red velvet cake

George
    $400 9
X

Ken
    $400 8
a starfish

P.J.
    $400 2
The Voice

George
    $400 14
Eve

George
    $400 21
the Peace Corps

P.J.
    $400 22
Baked Alaska

P.J.
    $600 12
(P.J.: What is a P?)
(George: What is T?)

L

GeorgeP.J.
Triple Stumper
    $600 10
(P.J.: What is an orca?)

octopus

KenP.J.
    $600 3
a raven

George
    $600 15
Sotomayor

Ken
    $600 24
om

P.J.
    $600 23
an airbrush

George
    $800 25
P

P.J.
    $800 11
the Mariana Trench

P.J.
    $800 4
Daredevil

P.J.
    $800 18
(Hedy) Lamarr

Ken
    $800 27
Mandela

George
    $800 29
(P.J.: What is a Christmas tree?)
(Ken: What is a crèche, or manger?)

a yule log

KenP.J.
Triple Stumper
    $1000 26
Zulu

Ken
    $1,500 16
krill

Ken
    $1000 6
Kung Fu

Ken
    $1000 19
(Ken: What is Columbia?)

Vassar

Ken
Triple Stumper
    $1000 28
(P.J.: What is the Hundred Years' War?)

the Thirty Years' War

GeorgeP.J.
    $1000 30
a torte

P.J.

Scores at the first commercial break (after clue 15):

George Ken P.J.
$1,200 $2,800 $1,000

Scores at the end of the Jeopardy! Round:

George Ken P.J.
$3,800 $4,500 $2,400

Double Jeopardy! Round responses

1866
RENEWABLE ENERGY
THE PLAYWRIGHT WRITES
FRENCH CONNECTIONS
THE "BLIND" SPOT
APOCALYPSE NOW
    $400 10
the nickel

Ken
    $400 1
solar energy

George
    $400 8
(Alex: From Death of a Salesman.)

Arthur Miller

George
    $400 16
an airport

George
    $400 20
The Blind Side

P.J.
    $400 30
The Hitchhiker's Guide to the Galaxy

George
    $800 11
(Andrew) Johnson

P.J.
    $800 2
wind

P.J.
    $800 9
(George: Who is Wilder?)
...
(Alex: The Cherry Orchard was written by [*].)

Anton Chekhov

George
Triple Stumper
    $800 17
the Pyrenees

George
    $800 24
(George: What is a eye blind?)

a blindfold

GeorgeP.J.
    $800 29
(Alex: Yes, and it opens tomorrow.)

Inferno

George
    $800 5
the Mekong

George
    $1200 3
hydrogen

Ken
    $1,000 6
(Alex: Cat on a Hot Tin Roof was the play.)

Tennessee Williams

George
    $1200 18
Italy

Triple Stumper
    $1200 23
blind man's bluff

Ken
    $1200 28
Halo

P.J.
    $1600 12
Crime and Punishment

George
    $1600 4
turbines

George
    $1600 7
(Alex: Yes, Pygmalion.)

Shaw

Ken
    $1600 19
(George: What is Lucerne?)

Lake Geneva

GeorgeP.J.
    $1600 22
colorblind

Ken
    $1600 26
World War Z

George
    $2000 13
(P.J.: What is New Orleans?)

Nashville

P.J.
Triple Stumper
    $2000 15
biomass

George
    $2000 14
(P.J.: Oh. Nope.)
(Alex: Ah, that's unfortunate. Ken.)
(Ken: Who is de Bergerac?)

Edmond Rostand

KenP.J.
Triple Stumper
    $2000 27
(Alex: [*], yes, which means "new bridge".)

Pont Neuf

P.J.
    $2000 21
(George: What is sun blindness?)

snow blindness

George
Triple Stumper
    $2000 25
I Am Legend

P.J.

Scores at the end of the Double Jeopardy! Round:

George Ken P.J.
$10,400 $8,500 $8,000

[wagering suggestions for these scores]

Final Jeopardy! Round responses

BRITISH POP MUSIC
(Alex: Song was about a doomed astronaut. Maybe the BBC wasn't aware of that. But the song, popularized by somebody who died this past year.)
P.J.What is Space Oddity´
$8,000
KenWhat is Das Space Oddity?
$7,501
GeorgeWhat is SPACL All You need is Love
$6,601
"Space Oddity" (by David Bowie)

Final scores:

George Ken P.J.
$3,799 $16,001 $16,000
3rd place: $1,000 New champion: $16,001 2nd place: $2,000

Game dynamics:

Coryat scores:

George Ken P.J.
$11,000 $8,000 $8,000
21 R
(including 2 DDs),
5 W
14 R
(including 1 DD),
3 W
17 R,
6 W

Combined Coryat: $27,000

[game clues] [game scores] [suggest correction]

Game tape date: 2016-08-15
The J! Archive is created by fans, for fans. Scraping, republication, monetization, and malicious use prohibited; this site may use cookies and collect identifying information. See terms. The Jeopardy! game show and all elements thereof, including but not limited to copyright and trademark thereto, are the property of Jeopardy Productions, Inc. and are protected under law. This website is not affiliated with, sponsored by, or operated by Jeopardy Productions, Inc. Join the discussion at JBoard.tv.